The conservation of orbital symmetry

Saved in:
Bibliographic Details
Main Authors: Woodward, R. B (Author), Hoffmann, R (Author)
Format: Book
Language:English
Published: Weinheim Chemie 1970
Subjects:
Tags: Add Tag
No Tags, Be the first to tag this record!

MARC

LEADER 00000nam a2200000 a 4500
001 UCT5794
003 CL-VaPUC
008 961223e19700000GW |||||||||||||||||eng|d
082 0 4 |a 541.28  |b WOO  |2 21 
100 0 |a Woodward, R. B  |e author  |9 375361 
700 0 |a Hoffmann, R  |e author  |9 375362 
245 1 4 |a The conservation of orbital symmetry 
300 |a 177 p 
942 |c BK 
945 |d 19961223 00:00:00  |a nastorga 
260 |a Weinheim  |b Chemie  |c 1970 
650 0 |a Química  |9 259896 
650 0 |a Reacciones químicas  |9 259438 
650 0 |a Átomos  |9 259583 
650 0 |a Simetría  |9 269045 
650 0 |a Enlaces químicos  |9 306789 
650 0 |a Estructura atómica   |9 259944 
583 |a last modification  |c 19961223 00:00:00  |k Rodrigo Vera 
999 |c 254607  |d 254605 
952 |0 0  |1 0  |4 0  |6 541_280000000000000_WOO_1970  |7 0  |8 A  |9 276407  |a BIBCUR  |b BIBCUR  |d 2019-11-19  |i 3260968  |o 541.28 WOO 1970  |p 3260968  |r 2025-04-22  |w 2019-11-19  |y BK  |k BCB